MARC

LEADER 00000nam0a2200000 4500
001 21955
005 20231101205449.0
035 |a (RuTPU)RU\TPU\book\22164 
035 |a BOOK00000028 
090 |a 21955 
100 |a 20011209d1964 km y0rusy50 ca 
101 0 |a rus  |a ger 
102 |a RU 
105 |a y e 000zy 
200 1 |a Немецко-русский авиационный словарь  |f В. В. Горский, И. Д. Дремичев, В. С. Столбов 
210 |a Москва  |c Воениздат  |d 1964 
215 |a 631 с. 
606 1 |a Немецкий язык  |x Терминологические словари  |2 stltpush  |3 (RuTPU)RU\TPU\subj\45383  |9 64626 
610 1 |a словари 
610 1 |a терминологические словари 
610 1 |a авиация 
610 1 |a авиационная техника 
686 |a Ш143.24-43  |v LBC/SL-A  |2 rubbk 
700 1 |a Горский  |b В. В.  |g Всеволод Викторович 
701 1 |a Дремичев  |b И. Д.  |g Иван Дмитриевич 
701 1 |a Столбов  |b В. С.  |g Валерий Сергеевич 
801 0 |a RU  |b 63413507  |c 20011209  |g PSBO 
801 2 |a RU  |b 63413507  |c 20161021  |g PSBO 
942 |c BK